000 00580nam a22001937a 4500
005 20260506155746.0
008 260506b |||||||| |||| 00| 0 eng d
020 _a9780521812498
_qHbk
041 _aeng
082 _a341.2 WEL
100 _aWellens, Karel
245 _aRemedies against International organisations
_c/Karel Wellens;
260 _aUK
_bCambridge University Press
_c2002
300 _axiii,295p. :
_c24cm.
490 _aCambridge Studies in International and Comparative Law
_vvol.21
504 _aBib and Ref
650 _aLaw of nations
942 _cENGLISH
999 _c622678
_d622678